| 000 | 01007cam a2200205 4500 | ||
|---|---|---|---|
| 001 | WB3943-07 | ||
| 008 | 031113n2003 000 0 eng u | ||
| 035 | _a(Sirsi) u124321 | ||
| 245 | _aHouse Building: July to September quarter 2003 | ||
| 260 | _c2003 | ||
| 490 |
_aODPM News Release _v239 13 November 2003 (3) |
||
| 520 | _aNew figures have been released on new housing starts and completions in the UK regions. The latest figures for the quarter ending September 2003 show that there were 40 000 housing starts and 34 000 completions in England. This is a 2% and 4% increase respectively on the same period last year. Figures are also given for English regions. Full details can be found at http://www.odpm.gov.uk. For the press release please visit http://www.odpm.gov.uk/pns/DisplayPN.cgi?pn_id=2003_0239. | ||
| 590 | _aWB | ||
| 650 | _aHOUSE BUILDING | ||
| 650 | _aNEW HOMES | ||
| 650 | _aHOUSE CONSTRUCTION | ||
| 650 | _aHOUSING STATISTICS | ||
| 690 | _aHOUSING-DEVELOPMENT | ||
| 942 | _n0 | ||
| 999 |
_c73792 _d73792 |
||